<?xml version="1.0" encoding="UTF-8"?>
<record
    xmlns:xsi="http://www.w3.org/2001/XMLSchema-instance"
    xsi:schemaLocation="http://www.loc.gov/MARC21/slim http://www.loc.gov/standards/marcxml/schema/MARC21slim.xsd"
    xmlns="http://www.loc.gov/MARC21/slim">

  <leader>02795nam a2200301uu 4500</leader>
  <controlfield tag="001">1385800</controlfield>
  <controlfield tag="005">20260508085732.0</controlfield>
  <controlfield tag="007">co|||||||</controlfield>
  <controlfield tag="008">140917e20130917                    spa  </controlfield>
  <datafield tag="035" ind1=" " ind2=" ">
    <subfield code="a">1385800</subfield>
  </datafield>
  <datafield tag="040" ind1=" " ind2=" ">
    <subfield code="c">comduadb</subfield>
  </datafield>
  <datafield tag="041" ind1=" " ind2=" ">
    <subfield code="a">spa</subfield>
  </datafield>
  <datafield tag="082" ind1=" " ind2="4">
    <subfield code="a">362</subfield>
  </datafield>
  <datafield tag="100" ind1="1" ind2="0">
    <subfield code="a">Rodas Betancur, Olga Cecilia</subfield>
    <subfield code="4">aut</subfield>
    <subfield code="e">aut</subfield>
    <subfield code="9">696444</subfield>
  </datafield>
  <datafield tag="245" ind1="1" ind2="0">
    <subfield code="a">Dise&#xF1;o del programa de seguridad del paciente para el servicio de hospitalizaci&#xF3;n domiciliaria de la Instituci&#xF3;n Intisalud IPS S.A.S. : municipio de Apartad&#xF3; Antioquia, a&#xF1;o 2013</subfield>
  </datafield>
  <datafield tag="260" ind1=" " ind2=" ">
    <subfield code="a">Turbo :</subfield>
    <subfield code="b">Autor(a),</subfield>
    <subfield code="c">2013.</subfield>
  </datafield>
  <datafield tag="300" ind1=" " ind2=" ">
    <subfield code="a">1 CD-ROM</subfield>
  </datafield>
  <datafield tag="520" ind1="3" ind2=" ">
    <subfield code="a">El objetivo del presente trabajo consisti&#xF3; en dise&#xF1;ar el programa de seguridad del paciente para el servicio de hospitalizaci&#xF3;n domiciliaria, con el fin de promover procesos institucionales y asistenciales seguros, incentivar pr&#xE1;cticas que mejoren la actuaci&#xF3;n de los profesionales e involucrar a los pacientes y sus familiares en los procesos, para la mejora de la calidad en la atenci&#xF3;n en salud y la prestaci&#xF3;n del servicio.
Para ello se seleccion&#xF3; la legislaci&#xF3;n vigente concerniente a la seguridad del paciente y la hospitalizaci&#xF3;n domiciliaria y se identifican y definen los documentos, procesos y registros institucionales de base para la revisi&#xF3;n y descripci&#xF3;n de los procesos existentes en la instituci&#xF3;n relacionados con la seguridad del paciente.
Se identificaron las fortalezas y debilidades relacionadas con la calidad en la atenci&#xF3;n y la seguridad y se identifican y analizan los eventos adversos del servicio que fueron notificados durante el a&#xF1;o 2012.
Como resultado se establece el manual de seguridad del paciente para el servicio de hospitalizaci&#xF3;n domiciliaria, a partir de los m&#xE9;todos.
Conclusiones.  Se define el listado de EA, para reportar, su respectiva tipificaci&#xF3;n y clasificaci&#xF3;n, se definen criterios y formatos de la gesti&#xF3;n y an&#xE1;lisis de los EA, se crea una base de datos para generar alertas e identificar la incidencia y prevalencia de los EA y se establecen las condiciones generales del Programa de Seguridad del Paciente, para enmarcar una gesti&#xF3;n y atenci&#xF3;n domiciliaria efectiva, de calidad y segura.</subfield>
  </datafield>
  <datafield tag="650" ind1=" " ind2="7">
    <subfield code="a">Seguridad del paciente</subfield>
    <subfield code="2">dcs</subfield>
    <subfield code="9">162595</subfield>
  </datafield>
  <datafield tag="650" ind1=" " ind2=" ">
    <subfield code="a">Hospitalizaci&#xF3;n a domicilio</subfield>
    <subfield code="9">116350</subfield>
  </datafield>
  <datafield tag="650" ind1=" " ind2=" ">
    <subfield code="a">Atenci&#xF3;n domiciliaria de salud</subfield>
    <subfield code="9">35490</subfield>
  </datafield>
  <datafield tag="650" ind1=" " ind2=" ">
    <subfield code="a">Eventos adversos en salud</subfield>
    <subfield code="9">184601</subfield>
  </datafield>
  <datafield tag="650" ind1=" " ind2="7">
    <subfield code="a">Administraci&#xF3;n de los servicios de salud</subfield>
    <subfield code="2">dcs</subfield>
    <subfield code="9">853648</subfield>
  </datafield>
  <datafield tag="650" ind1=" " ind2="7">
    <subfield code="a">Calidad de la atenci&#xF3;n de salud</subfield>
    <subfield code="2">dcs</subfield>
    <subfield code="9">237157</subfield>
  </datafield>
  <datafield tag="700" ind1="1" ind2="0">
    <subfield code="a">Giraldo Piedrahita, Fernando</subfield>
    <subfield code="4">ths</subfield>
    <subfield code="e">ths</subfield>
    <subfield code="9">506811</subfield>
  </datafield>
  <datafield tag="942" ind1=" " ind2=" ">
    <subfield code="c">TESIS</subfield>
  </datafield>
  <datafield tag="999" ind1=" " ind2=" ">
    <subfield code="c">702342</subfield>
    <subfield code="d">702342</subfield>
  </datafield>
  <datafield tag="500" ind1=" " ind2=" ">
    <subfield code="a">Tesis (Administrador de Salud con &#xC9;nfasis en Gesti&#xF3;n de Servicios de Salud). Universidad de Antioquia. Facultad Nacional de Salud P&#xFA;blica - T&#xED;tulo del grado otorgado</subfield>
  </datafield>
  <datafield tag="952" ind1=" " ind2=" ">
    <subfield code="0">0</subfield>
    <subfield code="1">0</subfield>
    <subfield code="4">0</subfield>
    <subfield code="7">0</subfield>
    <subfield code="8">TESIS</subfield>
    <subfield code="a">SCDM</subfield>
    <subfield code="b">SCDM</subfield>
    <subfield code="d">2014-09-17</subfield>
    <subfield code="e">Material adquirido por donaci&#xF3;n</subfield>
    <subfield code="i">C1212702</subfield>
    <subfield code="l">0</subfield>
    <subfield code="o">T362.14 R685 CD-ROM</subfield>
    <subfield code="p">0995750</subfield>
    <subfield code="r">2023-05-03 00:00:00</subfield>
    <subfield code="t">1</subfield>
    <subfield code="w">2023-05-03</subfield>
    <subfield code="y">DIGITAL</subfield>
  </datafield>
</record>
